00395pab a2200133 454500008004000000100001600040245008700056260000900143300001100152362001200163650003700175700001500212773003400227180718b1987 xxu||||| |||| 00| 0 eng d aBhati, J.P. aWomen's contribution to agricultural economy in hill regions of North - West India c1987 aWS7-11 a25 Apr. aWomen - India - Himachal Pradesh aD.V. Singh aEconomic and Political Weekly